• 首页
  • 本馆介绍
  • 公告通知
  • 最新文献
  • 馆藏检索
  • 电子资源
  • 读者导购
  • 参考咨询
  • 我的图书馆
  • 登录
  • 详细信息显示
  • 放入我的书架
  • 预约/预借图书
  • 作者相关作品
  • 分类相关作品
  • 丛书相关作品
  • 出版社相关作品

书目信息

  • 表格格式
  • 工作单格式
  • 卡片格式
题名:
常用晶体管稳压电源
    
 
作者: 张乃国 , 焦宝文 编著
分册:  
出版信息: 北京   人民邮电出版社  1982
页数: 87页
开本: 19cm
丛书名: 电子设备电源技术普及丛书
单 册:
中图分类: TM44
科图分类:
主题词: 晶体管-稳压电源 , 稳压电源-晶体管 , 稳定器
电子资源:
ISBN:
000 00823nam2 2200277 45
001 0182006752
005 20060508084209.14
010    @dCNY0.27
100    @a19950704d1982 em y0chiy0121 ea
101 0  @achi
102    @aCN@b110000
105    @ay z 000yy
200 10 @a常用晶体管稳压电源@Achang yong jing ti guan wen ya dian yuan@f张乃国,焦宝文编著@FZhang Nai Guo,Jiao Bao Wen Bian Zhu
210    @a北京@c人民邮电出版社@d1982
215    @a87页@d19cm
225 2  @a电子设备电源技术普及丛书
410  0 @120010@a电子设备电源技术普及丛书
606    @a晶体管-稳压电源
606    @a稳压电源-晶体管
606 0  @a稳定器
690    @aTM44@v4
701  0 @a张乃国@Azhang nai guo@4编著
701  0 @a焦宝文@Ajiao bao wen@4编著
801  2 @aCN@bNLC@c20060508
801  0 @aCN@b上海图书馆@c20060424
905    @dTM44@e13
    
    常用晶体管稳压电源/张乃国,焦宝文编著.-北京:人民邮电出版社,1982
    87页;19cm.-(电子设备电源技术普及丛书)
    
    
    ISBN :CNY0.27
    
●
相关链接 在E读中查询图书 在五车中查询图书 在当当中查询图书 在豆瓣中查询图书


正题名:常用晶体管稳压电源     索取号:TM44/13         预约/预借

序号 登录号 条形码 馆藏地/架位号 状态 备注
1 0074742   202283279   密集书库/ [索取号:TM44/13] 在馆    
2 0074743   202283135   密集书库/ [索取号:TM44/13] 在馆    
3 0074744   202282421   密集书库/ [索取号:TM44/13] 在馆    
4 0074746   202283108   密集书库/ [索取号:TM44/13] 在馆    
5 0074747   202283206   密集书库/ [索取号:TM44/13] 在馆    
6 0074748   202283171   密集书库/ [索取号:TM44/13] 在馆    
7 0074749   202283117   密集书库/ [索取号:TM44/13] 在馆    
8 0074750   202282467   密集书库/ [索取号:TM44/13] 在馆    
9 0074751   202282430   密集书库/ [索取号:TM44/13] 在馆    
10 0111732   001344771   第三借阅区/ [索取号:TM44/13] 在馆    
11 0111733   001344851   密集书库/ [索取号:TM44/13] 在馆    
12 0111734   202330076   密集书库/ [索取号:TM44/13] 在馆    
13 0111735   001344897   密集书库/ [索取号:TM44/13] 在馆    
14 0111736   001344815   第二样本阅览室/ [索取号:TM44/13] 在馆    
唐山师范学院图书馆 欢迎您!
大连网信软件有限公司© 版权所有